| 000 | 01064cam a2200313 a 4500 | ||
|---|---|---|---|
| 001 | 15487361 | ||
| 003 | USPCAS-E | ||
| 005 | 20180118181419.0 | ||
| 008 | 081016s2009 njua b 001 0 eng | ||
| 010 | _a 2008044564 | ||
| 020 | _a9780470084885 (cloth) | ||
| 020 | _a047008488X (cloth) | ||
| 035 | _a(OCoLC)ocn246886816 | ||
| 040 |
_aDLC _cDLC _dBTCTA _dYDXCP _dC#P _dCDX _dBWX _dHEBIS _dDLC |
||
| 050 | 0 | 0 |
_aQA402.5 _b.V42 2009 |
| 082 | 0 | 0 |
_a519.3 _222 _bVEN-A 2009 |
| 100 | 1 | _aVenkataraman, P. | |
| 245 | 1 | 0 |
_aApplied optimization with MATLAB programming / _cP. Venkataraman. |
| 250 | _a2nd ed. | ||
| 260 |
_aHoboken, N.J. : _bJohn Wiley & Sons, _cc2009. |
||
| 300 |
_axvi, 526 p. : _bill. ; _c25 cm. |
||
| 502 | _a. | ||
| 504 | _aIncludes bibliographical references and index. | ||
| 630 | 0 | 0 | _aMATLAB. |
| 650 | 0 |
_aMathematical optimization _xData processing. |
|
| 906 |
_a7 _bcbc _corignew _d1 _eecip _f20 _gy-gencatlg |
||
| 942 |
_2ddc _cBK |
||
| 999 |
_c355964 _d355964 |
||